Eras do Japão - Statistics

Estatísticas Gerais
  • Esse quiz foi jogado 8 vezes
  • A pontuação média é 3 de 15
Estatísticas das Respostas
Hint Resposta % Correto
1603-1868Período de paz e isolamento, com desenvolvimento da cultura urbana. Era Edo
71%
1989-2019Período de paz e prosperidade econômica e popularização dos animes. Era Heisei
43%
1868-1912Abertura do Japão ao mundo e modernização. Era Meiji
29%
2019-PresenteA era atual, marcada pela ascensão do imperador Naruhito. Era Reiwa
29%
1926-1989Período de crescimento econômico, guerra e reconstrução, imperador Hirohito governou durante a Segunda Guerra. Era Showa
29%
1912-1926Período de influência do liberalismo e da cultura ocidental. Era Taisho
29%
538-710Introdução do budismo e influência da cultura chinesa. Era Asuka
14%
794-1185Período de florescimento da cultura e da poesia japonesa. Era Heian
14%
14.000 a.c-300 a.c.Período de caçadores-coletores com cerâmica característica. Era Jomon
14%
1185-1333Estabelecimento do primeiro xogunato (governo militar) e ascensão dos samurais. Era Kamakura
14%
300-538Período de túmulos em formato de colina. Era Kofun
14%
1573-1603Período de unificação do Japão e construções grandiosas. Era Momoyama
14%
710-794Capital em Nara, com desenvolvimento da arquitetura, arte e literatura. Era Nara
14%
300 a.c-300 d.c.Introdução do cultivo de arroz, ferramentas de metal e tecelagem. Era Yayoi
14%
1333-1573Período de guerras civis e ascensão da classe samurai. Era Morumachi
0%
Nenhum quiz correspondente encontrado
Distribuição das Pontuações
Porcentagem de Pessoas com Cada Pontuação
Percentil de Números Respondidos
Sua Pontuação Histórica
Você não jogou esse quiz